[Event "Bellpuig op 2nd"]
[Site "Bellpuig"]
[Date "2012.03.03"]
[Round "8"]
[White "Vera Balague, Gabriel"]
[Black "Farre Morell, Artur"]
[Result "1-0"]
[WhiteElo "1927"]
[BlackElo "2105"]
[PlyCount "70"]
[EventDate "2012.01.14"]
[EventType "swiss"]
[EventRounds "8"]
[EventCountry "ESP"]
[SourceTitle "EXT 2014"]
[Source "ChessBase"]
[SourceDate "2013.11.20"]
[SourceVersion "1"]
[SourceVersionDate "2013.11.20"]
[SourceQuality "1"]

1. e4 d5 2. Nf3 dxe4 3. Ng5 e5 4. Nxe4 f5 5. Ng3 Be6 6. Nc3 Nf6 7. d3 Bc5 8. Be2 0-0 9. Bf3 Nc6 10. Be3 Nd4 11. Bxd4 Bxd4 12. Qd2 c6 13. 0-0 Ng4 14. Bxg4 fxg4 15. Nce4 h6 16. c3 Bb6 17. Qe2 Qh4 18. b4 Rf4 19. Nc5 Bd5 20. Qxe5 Raf8 21. c4 Bf3 22. gxf3 gxf3 23. Kh1 Bxc5 24. Qe6+ Kh8 25. bxc5 R8f6 26. Qe8+ Rf8 27. Qh5 Qd8 28. Rae1 Rh4 29. Qg6 Qd7 30. Nh5 Qc7 31. Qg3 Qxg3 32. Nxg3 Rd4 33. Re3 g5 34. Ne4 h5 35. Nxg5 Kg7 1-0